LEADER 01102nam0-2200337---450 001 990009348070403321 005 20210715112520.0 035 $a000934807 035 $aFED01000934807 035 $a(Aleph)000934807FED01 035 $a000934807 100 $a20110421d1931----km-y0itay50------ba 101 2 $aita$agrc 102 $aIT 105 $ay---a---001yy 200 1 $aTeodoreto$fa cura di Nicola Festa 210 $a[Firenze]$cTesti cristiani$dstampa 1931 215 $a365 p$d22 cm 225 1 $aTesti cristiani con versione italiana a fronte, introduzione e commento$v3 327 0 $a1.: Terapia dei morbi pagani (libri 1.- 6.) 500 10$aGraecarum affectionum curatio$m$916405 676 $a880.02 700 1$aTheodoretus Cyrensis$f<4.-5. saec.>$0405242 702 1$aFesta,$bNicola$f<1866-1940> 801 0$aIT$bUNINA$gRICA$2UNIMARC 901 $aBK 912 $a990009348070403321 952 $aP2B 610 THEOD.CYR.450A(1) 1931$bIst.Fil.cl. 1837$fFLFBC$mBRAU-13720 959 $aFLFBC 996 $aGraecarum affectionum curatio$916405 997 $aUNINA LEADER 01381nam 2200361Ia 450 001 996395624803316 005 20221108072852.0 035 $a(CKB)3810000000018107 035 $a(EEBO)2240869828 035 $a(OCoLC)767838801 035 $a(EXLCZ)993810000000018107 100 $a20111208d1686 uy 0 101 0 $aeng 135 $aurbn||||a|bb| 200 12$aA perswasive to moderation to church dissenters$b[electronic resource] $ein prudence and conscience humbly submitted to the King and his great councel /$fby one of the humblest and most dutiful of his dissenting subjects 210 $a[London $cBy Andrew Sowle$d1686] 215 $a[8], 48 p 300 $aAttributed to William Penn. Cf. Wing (2nd ed.). 300 $aImprint suggested by Wing (2nd ed.). 300 $aP1338B on reel 2234 is a variant of P1338A. Cf. Wing (2nd ed.). 300 $aImperfect: stained with print show-through and loss of text. 300 $aReproduction of original in: Folger Shakespeare Library. 330 $aeebo-0055 606 $aDissenters, Religious$zEngland$vEarly works to 1800 615 0$aDissenters, Religious 700 $aPenn$b William$f1644-1718.$0444261 801 0$bUMI 801 1$bUMI 801 2$bUMI 906 $aBOOK 912 $a996395624803316 996 $aA perswasive to moderation to church dissenters$92425474 997 $aUNISA